000 01008nam a22002897a 4500
003 BCEG
005 20260327130750.0
008 260327s2025 mx a||||||||||||||| spa d
020 _a9786071686992
040 _aBCEG
_bspa
_cBCEG
082 0 4 _aI823.9
_bJ451e
100 1 _aJeffers, Oliver,
_d1977-.
245 1 0 _aEmpezar de nuevo.
260 _aCiudad de México :
_bFondo de Cultura Económica,
_c2025.
300 _a[120] p. :
_bil.
490 _aLos Especiales de A la Orilla del Viento.
500 _aCon: Ensayo sobre esta obra por el propio autor.
500 _aCómo llegamos aquí y adónde podríamos ir; nuestra historia humana, hasta ahora --En cubierta.
534 _pTítulo original:
_tBegin again.
535 _aDisponible en la colección infantil de 7-9 años.
541 _aCompra.
650 1 4 _aCuentos infantiles estadounidenses.
700 1 _aRosa, Horacio de la,
_edir.
700 1 _aZarate Figueroa, Dario,
_etr.
700 1 _aFigueroa León, Susana,
_eed.
942 _cBK
999 _c437149
_d437149